000 01694nam a2200349 c 4500
003 BLK
005 20181001135942.0
008 180410b bul|||||r ||||||| ||bul||
010 _aKNG00166306000
040 _aBLK
041 _aBUL
_cBUL
080 _aВътрешна търговия. Вж и 347.7 ; 657 ; 658
_b339.3
_x(075.32)
_z339.3(075.32)
100 1 _aАлександров, Крум Стефанов
_eпърви автор
_9375875
700 1 _aАлександрова, Роза Игнатова
_eсъавт.
_9334393
700 1 _aБелев, Димитър Георгиев
_eсъавт.
_9367436
139 _aАлександров, Крум Стефанов
_bА 51
245 1 0 _aИкономически анализ на вътрешнотърговската дейност
_bУчебник за икон. и търг. техникуми
_cКрум Стефанов Александров; съавт. Роза Игнатова Александрова; съавт. Димитър Георгиев Белев.
257 _aBGR
260 София
_bНаука и изкуство
_c1980
_fЯмбол : Г. Димитров
300 _a147 с.
_bс табл.
_c22 см
380 _a3
500 _a5 083 тир.
650 4 _aВътрешна търговия - икономика
_9275989
653 _aвътрешна търговия
653 _aикономика
653 _aучебници за средни училища
852 _aЦб 103772
856 4 _qpdf
_u
856 4 _qpdf
_u
942 _cKNG
_n0
_01
944 _aCR
_c17.10.2014
_l17.10.2014 - от С1,Р / 17.10.2014
_kРадостина_Карадакова
944 _aED
_c17.10.2014
_l17.10.2014 - от С1,Р / 17.10.2014
_k
999 _c159235
_d159235